| 000 | 00868nam a22001817a 4500 | ||
|---|---|---|---|
| 008 | 120823t xxu||||| |||| 00| 0 eng d | ||
| 020 | _a13:9780495063186 | ||
| 020 | _a10:0495063185 | ||
| 050 | _aHJ2051.N46 | ||
| 100 | _aNice, David C. | ||
| 245 |
_aPublic budgeting. / _cDavid C. Nice |
||
| 260 |
_aAustralia: _bWadsworth Cenage Learning, _cc2002. |
||
| 300 |
_axvii, 215 p.: _bill.; _c23cm. |
||
| 500 | _aIncludes index. | ||
| 505 | _aContents: The Nature of public budgeting -- Government revenues, spending, and borrowing: a brief overview -- The Budget cycle: a brief introduction -- Budget preparation -- Techniques of budgetary analysis -- Budget adoption -- Budget execution -- Financial management -- The Economy and the budget -- Intergovernmental aspects of public budgeting -- The Frustration of budget reform. | ||
| 650 | _bBudget. | ||
| 942 |
_2lcc _cBK |
||
| 999 |
_c2143 _d9643 |
||